书目信息 |
| 题名: |
学犹种树心为根
|
|
| 作者: | 张勇耀 , 韩兵强 著 | |
| 分册: | ||
| 出版信息: | 太原 山西人民出版社 2020.05 |
|
| 页数: | 10, 208页 | |
| 开本: | 26cm | |
| 丛书名: | 教育薪火书系 | |
| 单 册: | ||
| 中图分类: | G40-092.48 | |
| 科图分类: | ||
| 主题词: | ||
| 电子资源: | ||
| ISBN: | 978-7-203-10880-1 | |
| 000 | 01051oam2 2200265 450 | |
| 001 | 0108153856 | |
| 005 | 20210308154400.0 | |
| 010 | @a978-7-203-10880-1@dCNY66.00 | |
| 100 | @a20200915d2020 em y0chiy50 ea | |
| 101 | 0 | @achi |
| 102 | @aCN@b140000 | |
| 105 | @ay z 000yy | |
| 106 | @ar | |
| 200 | 1 | @a学犹种树心为根@Axue you zhong shu xin wei gen@e孔天胤教育思想与实践@f张勇耀, 韩兵强著 |
| 210 | @a太原@c山西人民出版社@d2020.05 | |
| 215 | @a10, 208页@d26cm | |
| 225 | 2 | @a教育薪火书系@h第一辑 |
| 330 | @a本书主要介绍了明代大教育家孔天胤的教育理论与实践经验,孔天胤可以算是获得“最高学历”的人,他不仅官至左布政史,而且在为政、文学、出版、教育、修志方面都很有建树。内容包括:汾州才俊的科第之路;陕西提学的改革实践等。 | |
| 461 | 0 | @12001 @a教育薪火书系 |
| 517 | 1 | @a孔天胤教育思想与实践@Akong tian yin jiao yu si xiang yu shi jian |
| 690 | @aG40-092.48@v5 | |
| 701 | 0 | @a张勇耀@Azhang yong yao@4著@f(1972-) |
| 701 | 0 | @a韩兵强@Ahan bing qiang@4著@f(1973-) |
| 801 | 0 | @aCN@bBJSZM@c20210308 |
| 905 | @b1270457-61@dG40-092.48@e1198@f5 | |
| 学犹种树心为根:孔天胤教育思想与实践/张勇耀, 韩兵强著.-太原:山西人民出版社,2020.05 |
| 10, 208页;26cm.-(教育薪火书系.第一辑) |
| ISBN 978-7-203-10880-1:CNY66.00 |
| 本书主要介绍了明代大教育家孔天胤的教育理论与实践经验,孔天胤可以算是获得“最高学历”的人,他不仅官至左布政史,而且在为政、文学、出版、教育、修志方面都很有建树。内容包括:汾州才俊的科第之路;陕西提学的改革实践等。 |
| ● |
| 相关链接 |
|
|
|
|
正题名:学犹种树心为根
索取号:G40-092.48/1198
 
预约/预借
| 序号 | 登录号 | 条形码 | 馆藏地/架位号 | 状态 | 备注 |
| 1 | 1270457 | 212704572 | 第一样本阅览室/ [索取号:G40-092.48/1198] | 在馆 | |
| 2 | 1270458 | 212704581 | 教育系资料室/ [索取号:G40-092.48/1198] | 在馆 | |
| 3 | 1270459 | 212704590 | 教育系资料室/ [索取号:G40-092.48/1198] | 在馆 | |
| 4 | 1270460 | 212704607 | 第四借阅区/ [索取号:G40-092.48/1198] | 在馆 | |
| 5 | 1270461 | 212704616 | 第四借阅区/ [索取号:G40-092.48/1198] | 在馆 |